[Event "Stay Safe Play From Home 375"]
[Site "Emanuel Lasker Arena"]
[Date "2020.08.11"]
[Round "3"]
[White "Klasman"]
[Black "Milos M"]
[Result "1-0"]
[WhiteElo "1555"]
[BlackElo "1349"]
[Annotator "NA"]
[PlyCount "55"]
[EventDate "2020.08.11"]
[EventType "swiss (blitz)"]

1. f4 {[%emt 0:00:02]} e6 {[%emt 0:00:02]} 2. c4 {[%emt 0:00:02]} c5 {[%emt 0:00:03]} 3. Nf3 {[%emt 0:00:01]} d6 {[%emt 0:00:01]} 4. e3 {[%emt 0:00:01]} Nf6 {[%emt 0:00:06]} 5. Nc3 {[%emt 0:00:01]} a6 {[%emt 0:00:02]} 6. d4 {[%emt 0:00:01]} d5 {[%emt 0:00:02]} 7. cxd5 {[%emt 0:00:02]} exd5 {[%emt 0:00:06]} 8. Be2 {[%emt 0:00:03]} Bd6 {[%emt 0:00:08]} 9. O-O {[%emt 0:00:02]} O-O {[%emt 0:00:01]} 10. Bd2 {[%emt 0:00:03]} h6 {[%emt 0:00:02]} 11. Qb3 {[%emt 0:00:02]} Be6 {[%emt 0:00:04]} 12. Ne5 {[%emt 0:00:08]} Nbd7 {[%emt 0:00:07]} 13. Bf3 {[%emt 0:00:02]} Ne4 {[%emt 0:00:10]} 14. Be1 {[%emt 0:00:19]} c4 {[%emt 0:00:04]} 15. Qxb7 {[%emt 0:00:06]} Nxc3 {[%emt 0:00:11]} 16. bxc3 {[%emt 0:00:04]} f6 {[%emt 0:00:10]} 17. Nxd7 {[%emt 0:00:05]} Bxd7 {[%emt 0:00:03]} 18. Bxd5+ {[%emt 0:00:03]} Kh8 {[%emt 0:00:04]} 19. Qxa8 {[%emt 0:00:03]} Qe7 {[%emt 0:00:05]} 20. Qxa6 {[%emt 0:00:13]} Qxe3+ {[%emt 0:00:02]} 21. Bf2 {[%emt 0:00:01]} Qxf4 {[%emt 0:00:07]} 22. g3 {[%emt 0:00:11]} Qf5 {[%emt 0:00:18]} 23. Qxd6 {[%emt 0:00:03]} Rd8 {[%emt 0:00:15]} 24. Qe7 {[%emt 0:00:08]} Rb8 {[%emt 0:00:12]} 25. Be4 {[%emt 0:00:11]} Qg5 {[%emt 0:00:20]} 26. Rab1 {[%emt 0:00:03]} Rxb1 {[%emt 0:00:07]} 27. Rxb1 {[%emt 0:00:03]} Bh3 {[%emt 0:00:08]} 28. Rb8+ {[%emt 0:00:05] Milos M resigns Milos M resigns Milos M resigns Milos M resigns Milos M resigns (Lag: Av=0.55s, max=0.8s) (Lag: Av=0.55s, max=0.8s) (Lag: Av=0.55s, max=0.8s) (Lag: Av=0.55s, max=0.8s) (Lag: Av=0.55s, max=0.8s)} 1-0

[Event "Stay Safe Play From Home 375"]
[Site "Emanuel Lasker Arena"]
[Date "2020.08.11"]
[Round "4"]
[White "Lazieri3"]
[Black "MihailoVujic"]
[Result "0-1"]
[WhiteElo "2027"]
[BlackElo "2103"]
[PlyCount "80"]
[EventDate "2020.08.11"]
[EventType "swiss (blitz)"]

1. e4 {[%emt 0:00:00]} e5 {[%emt 0:00:01] Lazieri3 offers a draw} 2. Nf3 {[%emt 0:00:02]} Nc6 {[%emt 0:00:01]} 3. Nc3 {[%emt 0:00:02]} Nf6 {[%emt 0:00:02]} 4. d4 {[%emt 0:00:01]} exd4 {[%emt 0:00:01]} 5. Nxd4 {[%emt 0:00:00]} Nxe4 {[%emt 0:00:01]} 6. Nxc6 {[%emt 0:00:11]} Nxc3 {[%emt 0:00:01]} 7. Nxd8 {[%emt 0:00:01]} Nxd1 {[%emt 0:00:02]} 8. Nxf7 {[%emt 0:00:01]} Kxf7 {[%emt 0:00:02]} 9. Kxd1 {[%emt 0:00:01]} d5 {[%emt 0:00:01]} 10. Bd3 {[%emt 0:00:03]} g6 {[%emt 0:00:02]} 11. Bf4 {[%emt 0:00:03]} c6 {[%emt 0:00:02]} 12. Kd2 {[%emt 0:00:01]} Bc5 {[%emt 0:00:02]} 13. f3 {[%emt 0:00:04]} Bf5 {[%emt 0:00:02]} 14. Bxf5 {[%emt 0:00:02]} gxf5 {[%emt 0:00:01]} 15. Rae1 {[%emt 0:00:01]} Rhe8 {[%emt 0:00:01]} 16. Be3 {[%emt 0:00:07]} Bxe3+ {[%emt 0:00:12]} 17. Rxe3 {[%emt 0:00:00]} Rxe3 {[%emt 0:00:01]} 18. Kxe3 {[%emt 0:00:00]} Re8+ {[%emt 0:00:01]} 19. Kd2 {[%emt 0:00:03]} c5 {[%emt 0:00:07]} 20. Re1 {[%emt 0:00:01]} Rxe1 {[%emt 0:00:11]} 21. Kxe1 {[%emt 0:00:00]} Ke6 {[%emt 0:00:11]} 22. f4 {[%emt 0:00:26]} d4 {[%emt 0:00:05]} 23. Ke2 {[%emt 0:00:01]} Kd5 {[%emt 0:00:10]} 24. Kf3 {[%emt 0:00:01]} c4 {[%emt 0:00:01]} 25. h3 {[%emt 0:00:03]} h5 {[%emt 0:00:03]} 26. g3 {[%emt 0:00:19]} b5 {[%emt 0:00:05]} 27. c3 {[%emt 0:00:51]} a5 {[%emt 0:00:23]} 28. cxd4 {[%emt 0:00:24]} Kxd4 {[%emt 0:00:01]} 29. g4 {[%emt 0:00:06]} fxg4+ {[%emt 0:00:02]} 30. hxg4 {[%emt 0:00:01]} h4 {[%emt 0:00:01]} 31. g5 {[%emt 0:00:04]} Kd5 {[%emt 0:00:01]} 32. f5 {[%emt 0:00:33]} Ke5 {[%emt 0:00:26]} 33. Kg4 {[%emt 0:00:25]} b4 {[%emt 0:00:06]} 34. f6 {[%emt 0:00:04]} Ke6 {[%emt 0:00:01]} 35. Kxh4 {[%emt 0:00:03]} c3 {[%emt 0:00:02]} 36. bxc3 {[%emt 0:00:00]} bxc3 {[%emt 0:00:01]} 37. Kh5 {[%emt 0:00:01]} c2 {[%emt 0:00:01]} 38. f7 {[%emt 0:00:01]} Kxf7 {[%emt 0:00:01]} 39. Kh6 {[%emt 0:00:01]} Kg8 {[%emt 0:00:01]} 40. a4 {[%emt 0:00:02]} c1=Q {[%emt 0:00:02] Lazieri3 resigns Lazieri3 resigns Lazieri3 resigns Lazieri3 resigns Lazieri3 resigns (Lag: Av=0.81s, max=1.3s) (Lag: Av=0.81s, max=1.3s) (Lag: Av=0.81s, max=1.3s) (Lag: Av=0.81s, max=1.3s) (Lag: Av=0.81s, max=1.3s)} 0-1

[Event "Stay Safe Play From Home 375"]
[Site "Emanuel Lasker Arena"]
[Date "2020.08.11"]
[Round "4"]
[White "Padmaesh M K"]
[Black "Imadns"]
[Result "0-1"]
[WhiteElo "1823"]
[BlackElo "1997"]
[Annotator "NA"]
[PlyCount "52"]
[EventDate "2020.08.11"]
[EventType "swiss (blitz)"]

1. e4 {[%emt 0:00:04]} e5 {[%emt 0:00:02]} 2. Nf3 {[%emt 0:00:01]} Nc6 {[%emt 0:00:04]} 3. Bc4 {[%emt 0:00:01]} Nf6 {[%emt 0:00:05]} 4. d3 {[%emt 0:00:34]} Bc5 {[%emt 0:00:05]} 5. Nc3 {[%emt 0:00:02]} h6 {[%emt 0:00:05]} 6. Be3 {[%emt 0:00:05]} Bxe3 {[%emt 0:00:06]} 7. fxe3 {[%emt 0:00:02]} O-O {[%emt 0:00:05]} 8. O-O {[%emt 0:00:02]} d6 {[%emt 0:00:03]} 9. d4 {[%emt 0:00:03]} Bg4 {[%emt 0:00:05]} 10. Qd2 {[%emt 0:00:07]} Bh5 {[%emt 0:00:05]} 11. Rae1 {[%emt 0:00:15]} Bg6 {[%emt 0:00:05]} 12. Bd3 {[%emt 0:00:14]} a6 {[%emt 0:00:01]} 13. g3 {[%emt 0:00:11]} Re8 {[%emt 0:00:04]} 14. Nh4 {[%emt 0:00:04]} Bh7 {[%emt 0:00:05]} 15. Nf5 {[%emt 0:00:19]} Bxf5 {[%emt 0:00:04]} 16. exf5 {[%emt 0:00:06]} exd4 {[%emt 0:00:02]} 17. exd4 {[%emt 0:00:01]} Nxd4 {[%emt 0:00:04]} 18. Be4 {[%emt 0:00:26]} c5 {[%emt 0:00:08]} 19. Rf4 {[%emt 0:00:17]} Qd7 {[%emt 0:00:04]} 20. Ref1 {[%emt 0:00:05]} Re5 {[%emt 0:00:04]} 21. Qg2 {[%emt 0:00:13]} d5 {[%emt 0:00:05]} 22. Bf3 {[%emt 0:00:13]} Nxf5 {[%emt 0:00:07]} 23. Bg4 {[%emt 0:00:13]} Nxg4 {[%emt 0:00:04]} 24. Rxg4 {[%emt 0:00:01]} Ne3 {[%emt 0:00:03]} 25. Rxg7+ {[%emt 0:00:03]} Kxg7 {[%emt 0:00:05]} 26. Qf3 {[%emt 0:00:01]} Nxf1 {[%emt 0:00:04] Padmaesh M K resigns Padmaesh M K resigns Padmaesh M K resigns Padmaesh M K resigns Padmaesh M K resigns (Lag: Av=0.55s, max=0.7s) (Lag: Av=0.55s, max=0.7s) (Lag: Av=0.55s, max=0.7s) (Lag: Av=0.55s, max=0.7s) (Lag: Av=0.55s, max=0.7s)} 0-1

[Event "Stay Safe Play From Home 375"]
[Site "Emanuel Lasker Arena"]
[Date "2020.08.11"]
[Round "4"]
[White "Kongle"]
[Black "Haris kollari 13"]
[Result "0-1"]
[WhiteElo "1756"]
[BlackElo "1920"]
[Annotator "NA"]
[PlyCount "94"]
[EventDate "2020.08.11"]
[EventType "swiss (blitz)"]

1. d4 {[%emt 0:00:03]} d5 {[%emt 0:00:03]} 2. c4 {[%emt 0:00:01]} e5 {[%emt 0:00:02]} 3. dxe5 {[%emt 0:00:02]} d4 {[%emt 0:00:02]} 4. a3 {[%emt 0:00:01]} Nc6 {[%emt 0:00:02]} 5. Bf4 {[%emt 0:00:01]} Nge7 {[%emt 0:00:02]} 6. Nf3 {[%emt 0:00:01]} Ng6 {[%emt 0:00:01]} 7. Bg3 {[%emt 0:00:00]} Bg4 {[%emt 0:00:03]} 8. e6 {[%emt 0:00:08]} fxe6 {[%emt 0:00:02]} 9. Nbd2 {[%emt 0:00:05]} e5 {[%emt 0:00:03]} 10. Ne4 {[%emt 0:00:03]} Bd6 {[%emt 0:00:06]} 11. c5 {[%emt 0:00:04]} Be7 {[%emt 0:00:04]} 12. b4 {[%emt 0:00:01]} Bf5 {[%emt 0:00:04]} 13. Qc2 {[%emt 0:00:13]} Qd7 {[%emt 0:00:02]} 14. Nfd2 {[%emt 0:00:11]} O-O {[%emt 0:00:03]} 15. Qb3+ {[%emt 0:00:06]} Be6 {[%emt 0:00:05]} 16. Qb2 {[%emt 0:00:09]} Bd5 {[%emt 0:00:01]} 17. f3 {[%emt 0:00:11]} Nf4 {[%emt 0:00:03]} 18. Bxf4 {[%emt 0:00:03]} Rxf4 {[%emt 0:00:02]} 19. O-O-O {[%emt 0:00:02]} Qe6 {[%emt 0:00:03]} 20. h4 {[%emt 0:00:11]} Rxh4 {[%emt 0:00:13]} 21. Rxh4 {[%emt 0:00:09]} Bxh4 {[%emt 0:00:01]} 22. g3 {[%emt 0:00:02]} Be7 {[%emt 0:00:03]} 23. Bg2 {[%emt 0:00:04]} a5 {[%emt 0:00:02]} 24. b5 {[%emt 0:00:03]} Nd8 {[%emt 0:00:02]} 25. Rh1 {[%emt 0:00:07]} Nf7 {[%emt 0:00:08]} 26. Bh3 {[%emt 0:00:03]} Qg6 {[%emt 0:00:08]} 27. Bg4 {[%emt 0:00:22]} Ng5 {[%emt 0:00:04]} 28. Nxg5 {[%emt 0:00:09]} Bxg5 {[%emt 0:00:02]} 29. f4 {[%emt 0:00:12]} exf4 {[%emt 0:00:02]} 30. Nf3 {[%emt 0:00:09]} fxg3+ {[%emt 0:00:03]} 31. Kd1 {[%emt 0:00:07]} Be3 {[%emt 0:00:02]} 32. Ne5 {[%emt 0:00:23]} Qe4 {[%emt 0:00:10]} 33. Rh5 {[%emt 0:00:05]} g6 {[%emt 0:00:12]} 34. Bf3 {[%emt 0:00:02]} g2 {[%emt 0:00:08]} 35. Bxe4 {[%emt 0:00:18]} g1=Q+ {[%emt 0:00:02]} 36. Kc2 {[%emt 0:00:01]} Bxe4+ {[%emt 0:00:01]} 37. Kb3 {[%emt 0:00:02]} Bd5+ {[%emt 0:00:09]} 38. Kc2 {[%emt 0:00:07]} gxh5 {[%emt 0:00:01]} 39. c6 {[%emt 0:00:09]} bxc6 {[%emt 0:00:02]} 40. bxc6 {[%emt 0:00:03]} Qc1+ {[%emt 0:00:07]} 41. Qxc1 {[%emt 0:00:02]} Bxc1 {[%emt 0:00:00]} 42. Kxc1 {[%emt 0:00:02]} h4 {[%emt 0:00:00]} 43. Kc2 {[%emt 0:00:01]} h3 {[%emt 0:00:01]} 44. Ng4 {[%emt 0:00:01]} Rf8 {[%emt 0:00:01]} 45. Nh6+ {[%emt 0:00:02]} Kg7 {[%emt 0:00:02]} 46. Ng4 {[%emt 0:00:01]} h5 {[%emt 0:00:01]} 47. Nh2 {[%emt 0:00:02]} Rf2 {[%emt 0:00:01] Kongle resigns Kongle resigns Kongle resigns Kongle resigns Kongle resigns (Lag: Av=0.69s, max=1.4s) (Lag: Av=0.69s, max=1.4s) (Lag: Av=0.69s, max=1.4s) (Lag: Av=0.69s, max=1.4s) (Lag: Av=0.69s, max=1.4s)} 0-1

[Event "Stay Safe Play From Home 375"]
[Site "Emanuel Lasker Arena"]
[Date "2020.08.11"]
[Round "4"]
[White "W Nelles"]
[Black "Klasman"]
[Result "1-0"]
[WhiteElo "1377"]
[BlackElo "1563"]
[Annotator "NA"]
[PlyCount "61"]
[EventDate "2020.08.11"]
[EventType "swiss (blitz)"]

1. e4 {[%emt 0:00:02]} f5 {[%emt 0:00:02]} 2. e5 {[%emt 0:00:02]} d6 {[%emt 0:00:02]} 3. exd6 {[%emt 0:00:05]} cxd6 {[%emt 0:00:02]} 4. d3 {[%emt 0:00:01]} e5 {[%emt 0:00:01]} 5. Nf3 {[%emt 0:00:04]} Nf6 {[%emt 0:00:01]} 6. Bg5 {[%emt 0:00:02]} Qb6 {[%emt 0:00:05]} 7. b3 {[%emt 0:00:05]} Be7 {[%emt 0:00:11]} 8. h4 {[%emt 0:00:09]} Be6 {[%emt 0:00:07]} 9. Be3 {[%emt 0:00:03]} Qa5+ {[%emt 0:00:13]} 10. Bd2 {[%emt 0:00:02]} Qc7 {[%emt 0:00:05]} 11. c4 {[%emt 0:00:04]} Nc6 {[%emt 0:00:06]} 12. Nc3 {[%emt 0:00:02]} d5 {[%emt 0:00:09]} 13. cxd5 {[%emt 0:00:08]} Nxd5 {[%emt 0:00:02]} 14. Ng5 {[%emt 0:00:06]} Bxg5 {[%emt 0:00:16]} 15. hxg5 {[%emt 0:00:01]} Nxc3 {[%emt 0:00:09]} 16. Bxc3 {[%emt 0:00:04]} O-O-O {[%emt 0:00:02]} 17. Rc1 {[%emt 0:00:02]} Qe7 {[%emt 0:00:08]} 18. Bxe5 {[%emt 0:00:07]} Qxg5 {[%emt 0:00:14]} 19. Qd2 {[%emt 0:00:14]} Qxd2+ {[%emt 0:00:07]} 20. Kxd2 {[%emt 0:00:02]} Rd7 {[%emt 0:00:04]} 21. Be2 {[%emt 0:00:05]} h6 {[%emt 0:00:03]} 22. Bf3 {[%emt 0:00:02]} Kd8 {[%emt 0:00:38]} 23. Bxc6 {[%emt 0:00:04]} bxc6 {[%emt 0:00:03]} 24. Rxc6 {[%emt 0:00:01]} Bd5 {[%emt 0:00:03]} 25. Rg6 {[%emt 0:00:05]} Rg8 {[%emt 0:00:15]} 26. Rc1 {[%emt 0:00:11]} Re7 {[%emt 0:00:20]} 27. Rd6+ {[%emt 0:00:07]} Rd7 {[%emt 0:00:04]} 28. Rxd7+ {[%emt 0:00:07]} Kxd7 {[%emt 0:00:02]} 29. Rc7+ {[%emt 0:00:01]} Ke6 {[%emt 0:00:04]} 30. Bxg7 {[%emt 0:00:09]} Bxg2 {[%emt 0:00:05]} 31. Bxh6 {[%emt 0:00:05] Time Time Time Time Time (Lag: Av=0.54s, max=0.8s) (Lag: Av=0.54s, max=0.8s) (Lag: Av=0.54s, max=0.8s) (Lag: Av=0.54s, max=0.8s) (Lag: Av=0.54s, max=0.8s)} 1-0

[Event "Stay Safe Play From Home 375"]
[Site "Emanuel Lasker Arena"]
[Date "2020.08.11"]
[Round "4"]
[White "Milos M"]
[Black "Timbre"]
[Result "0-1"]
[WhiteElo "1341"]
[BlackElo "1598"]
[Annotator "NA"]
[PlyCount "62"]
[EventDate "2020.08.11"]
[EventType "swiss (blitz)"]

1. d4 {[%emt 0:00:03]} d5 {[%emt 0:00:02]} 2. e3 {[%emt 0:00:01]} c6 {[%emt 0:00:01]} 3. c4 {[%emt 0:00:01]} Nf6 {[%emt 0:00:01]} 4. h3 {[%emt 0:00:02]} Bf5 {[%emt 0:00:02]} 5. Bd3 {[%emt 0:00:02]} Bg6 {[%emt 0:00:03]} 6. Nf3 {[%emt 0:00:02]} e6 {[%emt 0:00:02]} 7. Nc3 {[%emt 0:00:02]} Bd6 {[%emt 0:00:03]} 8. O-O {[%emt 0:00:02]} Qe7 {[%emt 0:00:01]} 9. b3 {[%emt 0:00:10]} Nbd7 {[%emt 0:00:04]} 10. a4 {[%emt 0:00:15]} e5 {[%emt 0:00:03]} 11. Ba3 {[%emt 0:00:02]} Bxa3 {[%emt 0:00:05]} 12. Rxa3 {[%emt 0:00:03]} e4 {[%emt 0:00:05]} 13. Nxd5 {[%emt 0:00:04]} cxd5 {[%emt 0:00:06]} 14. Ne5 {[%emt 0:00:18]} Nxe5 {[%emt 0:00:04]} 15. dxe5 {[%emt 0:00:03]} Qxe5 {[%emt 0:00:03]} 16. cxd5 {[%emt 0:00:12]} exd3 {[%emt 0:00:05]} 17. Qxd3 {[%emt 0:00:02]} O-O {[%emt 0:00:01]} 18. Qd1 {[%emt 0:00:09]} Rad8 {[%emt 0:00:02]} 19. Ra1 {[%emt 0:00:06]} Rxd5 {[%emt 0:00:04]} 20. Qf3 {[%emt 0:00:07]} Rfd8 {[%emt 0:00:03]} 21. e4 {[%emt 0:00:05]} Rd3 {[%emt 0:00:05]} 22. Qe2 {[%emt 0:00:13]} h6 {[%emt 0:00:16]} 23. Rad1 {[%emt 0:00:05]} Rxd1 {[%emt 0:00:04]} 24. Rxd1 {[%emt 0:00:02]} Rxd1+ {[%emt 0:00:03]} 25. Qxd1 {[%emt 0:00:01]} Qxe4 {[%emt 0:00:01]} 26. Qd8+ {[%emt 0:00:03]} Kh7 {[%emt 0:00:02]} 27. Qc7 {[%emt 0:00:06]} Qe1+ {[%emt 0:00:04]} 28. Kh2 {[%emt 0:00:03]} Qxf2 {[%emt 0:00:01]} 29. Qxb7 {[%emt 0:00:01]} Ne4 {[%emt 0:00:04]} 30. b4 {[%emt 0:00:13]} Ng5 {[%emt 0:00:04]} 31. b5 {[%emt 0:00:07]} Be4 {[%emt 0:00:02] Milos M resigns Milos M resigns Milos M resigns Milos M resigns Milos M resigns} 0-1

[Event "Stay Safe Play From Home 375"]
[Site "Emanuel Lasker Arena"]
[Date "2020.08.11"]
[Round "4"]
[White "Aryan2074"]
[Black "Roefe Detlef"]
[Result "0-1"]
[WhiteElo "1163"]
[BlackElo "1730"]
[Annotator "NA"]
[PlyCount "52"]
[EventDate "2020.08.11"]
[EventType "swiss (blitz)"]

1. e4 {[%emt 0:00:05]} c5 {[%emt 0:00:03]} 2. Nf3 {[%emt 0:00:02]} Nc6 {[%emt 0:00:01]} 3. d4 {[%emt 0:00:03]} cxd4 {[%emt 0:00:00]} 4. Nxd4 {[%emt 0:00:02]} e5 {[%emt 0:00:02]} 5. Nf3 {[%emt 0:00:06]} d6 {[%emt 0:00:02]} 6. Nc3 {[%emt 0:00:04]} Nf6 {[%emt 0:00:01]} 7. Bc4 {[%emt 0:00:13]} Be7 {[%emt 0:00:03]} 8. O-O {[%emt 0:00:14]} O-O {[%emt 0:00:01]} 9. Re1 {[%emt 0:00:03]} a6 {[%emt 0:00:01]} 10. b3 {[%emt 0:00:12]} b5 {[%emt 0:00:01]} 11. Bd3 {[%emt 0:00:07]} h6 {[%emt 0:00:08]} 12. a4 {[%emt 0:00:02]} b4 {[%emt 0:00:02]} 13. Na2 {[%emt 0:00:03]} Bg4 {[%emt 0:00:03]} 14. h3 {[%emt 0:00:05]} Bxf3 {[%emt 0:00:02]} 15. Qxf3 {[%emt 0:00:02]} Nd4 {[%emt 0:00:01]} 16. Qd1 {[%emt 0:00:09]} a5 {[%emt 0:00:06]} 17. Bb2 {[%emt 0:00:07]} Ne6 {[%emt 0:00:01]} 18. c3 {[%emt 0:00:18]} Rb8 {[%emt 0:00:03]} 19. cxb4 {[%emt 0:00:04]} axb4 {[%emt 0:00:01]} 20. Qd2 {[%emt 0:00:17]} Qb6 {[%emt 0:00:03]} 21. Nc1 {[%emt 0:00:18]} Nf4 {[%emt 0:00:03]} 22. Bc4 {[%emt 0:00:14]} Rfd8 {[%emt 0:00:20]} 23. Nd3 {[%emt 0:00:11]} d5 {[%emt 0:00:06]} 24. exd5 {[%emt 0:00:09]} N6xd5 {[%emt 0:00:07]} 25. Nxf4 {[%emt 0:00:21]} Nxf4 {[%emt 0:00:06]} 26. Qxd8+ {[%emt 0:00:21]} Rxd8 {[%emt 0:00:03] TimeW TimeW TimeW TimeW TimeW} 0-1

[Event "Stay Safe Play From Home 375"]
[Site "Emanuel Lasker Arena"]
[Date "2020.08.11"]
[Round "5"]
[White "MihailoVujic"]
[Black "W Nelles"]
[Result "1-0"]
[WhiteElo "2117"]
[BlackElo "1403"]
[PlyCount "65"]
[EventDate "2020.08.11"]
[EventType "swiss (blitz)"]

1. e4 {[%emt 0:01:13]} e5 {[%emt 0:00:04]} 2. Nf3 {[%emt 0:00:18]} Nc6 {[%emt 0:00:02]} 3. d4 {[%emt 0:00:02]} exd4 {[%emt 0:00:02]} 4. Bc4 {[%emt 0:00:02]} h6 {[%emt 0:00:05]} 5. O-O {[%emt 0:00:04]} d6 {[%emt 0:00:05]} 6. Nxd4 {[%emt 0:00:03]} Nxd4 {[%emt 0:00:02]} 7. Qxd4 {[%emt 0:00:01]} Be6 {[%emt 0:00:09]} 8. Bxe6 {[%emt 0:00:09]} fxe6 {[%emt 0:00:03]} 9. Nc3 {[%emt 0:00:08]} Qf6 {[%emt 0:00:09]} 10. Qc4 {[%emt 0:00:06]} c6 {[%emt 0:00:03]} 11. Be3 {[%emt 0:00:04]} Ne7 {[%emt 0:00:10]} 12. Rad1 {[%emt 0:00:03]} b5 {[%emt 0:00:05]} 13. Qb3 {[%emt 0:00:08]} a5 {[%emt 0:00:04]} 14. Rxd6 {[%emt 0:00:09]} a4 {[%emt 0:00:07]} 15. Qxe6 {[%emt 0:00:02]} Qxe6 {[%emt 0:00:02]} 16. Rxe6 {[%emt 0:00:01]} Kf7 {[%emt 0:00:01]} 17. Rd6 {[%emt 0:00:04]} Ng6 {[%emt 0:00:08]} 18. Rxc6 {[%emt 0:00:03]} Bb4 {[%emt 0:00:09]} 19. f4 {[%emt 0:00:07]} Rae8 {[%emt 0:00:10]} 20. e5 {[%emt 0:00:08]} Kg8 {[%emt 0:00:06]} 21. Rxg6 {[%emt 0:00:02]} Bxc3 {[%emt 0:00:02]} 22. bxc3 {[%emt 0:00:01]} Kh7 {[%emt 0:00:01]} 23. Rd6 {[%emt 0:00:04]} Rhf8 {[%emt 0:00:05]} 24. g3 {[%emt 0:00:03]} h5 {[%emt 0:00:02]} 25. Bd4 {[%emt 0:00:03]} Rf7 {[%emt 0:00:02]} 26. f5 {[%emt 0:00:01]} Rc7 {[%emt 0:00:03]} 27. f6 {[%emt 0:00:05]} g6 {[%emt 0:00:06]} 28. f7 {[%emt 0:00:06]} Rf8 {[%emt 0:00:01]} 29. e6 {[%emt 0:00:01]} Re7 {[%emt 0:00:02]} 30. Bf6 {[%emt 0:00:02]} Rb7 {[%emt 0:00:05]} 31. e7 {[%emt 0:00:02]} Rxf7 {[%emt 0:00:06]} 32. e8=Q {[%emt 0:00:02]} a3 {[%emt 0:00:07]} 33. Qh8# {[%emt 0:00:02] (Lag: Av=0.74s, max=1.0s) (Lag: Av=0.74s, max=1.0s) (Lag: Av=0.74s, max=1.0s) (Lag: Av=0.74s, max=1.0s) (Lag: Av=0.74s, max=1.0s)} 1-0

[Event "Stay Safe Play From Home 375"]
[Site "Emanuel Lasker Arena"]
[Date "2020.08.11"]
[Round "5"]
[White "Imadns"]
[Black "Dukic"]
[Result "0-1"]
[WhiteElo "2006"]
[BlackElo "1984"]
[PlyCount "44"]
[EventDate "2020.08.11"]
[EventType "swiss (blitz)"]

1. e4 {[%emt 0:00:20]} c6 {[%emt 0:00:06]} 2. d4 {[%emt 0:00:02]} d6 {[%emt 0:00:02]} 3. Bc4 {[%emt 0:00:05]} Nf6 {[%emt 0:00:05]} 4. Nc3 {[%emt 0:00:04]} b5 {[%emt 0:00:02]} 5. Bxf7+ {[%emt 0:00:02]} Kxf7 {[%emt 0:00:01]} 6. Bg5 {[%emt 0:00:04]} Nbd7 {[%emt 0:00:03]} 7. Nf3 {[%emt 0:00:11]} b4 {[%emt 0:00:07]} 8. Ne2 {[%emt 0:00:20]} Nxe4 {[%emt 0:00:02]} 9. O-O {[%emt 0:00:03]} Nb6 {[%emt 0:00:08]} 10. c3 {[%emt 0:00:17]} a5 {[%emt 0:00:23]} 11. Re1 {[%emt 0:00:11]} h6 {[%emt 0:00:17]} 12. Bf4 {[%emt 0:00:06]} g5 {[%emt 0:00:07]} 13. Be3 {[%emt 0:00:06]} Bg7 {[%emt 0:00:34]} 14. a3 {[%emt 0:00:02]} bxc3 {[%emt 0:00:17]} 15. bxc3 {[%emt 0:00:01]} Nc4 {[%emt 0:00:07]} 16. Bc1 {[%emt 0:00:08]} Bg4 {[%emt 0:00:09]} 17. h3 {[%emt 0:00:02]} Bxf3 {[%emt 0:00:10]} 18. gxf3 {[%emt 0:00:01]} Nf6 {[%emt 0:00:02]} 19. a4 {[%emt 0:00:12]} Qd7 {[%emt 0:00:04]} 20. f4 {[%emt 0:00:08]} Qxh3 {[%emt 0:00:06]} 21. fxg5 {[%emt 0:00:05]} hxg5 {[%emt 0:00:02]} 22. Bd2 {[%emt 0:00:22]} Qh1# {[%emt 0:00:03] Mate Mate Mate Mate Mate} 0-1